5HLuxD.jpg

KING HENRY VIII SENIOR AND PRIMARY SCHOOL LIBRARY OPAC

Tuesdays with Morrie : (Record no. 908)

000 -LEADER
fixed length control field 00962cam a22003138a 4500
001 - CONTROL NUMBER
control field 00188125
003 - CONTROL NUMBER IDENTIFIER
control field OCoLC
005 - DATE AND TIME OF LATEST TRANSACTION
control field 20191226101913.0
008 - FIXED-LENGTH DATA ELEMENTS--GENERAL INFORMATION
fixed length control field 100519r19991998enk 000 0 eng
015 ## - NATIONAL BIBLIOGRAPHY NUMBER
National bibliography number GB99-W7154
020 ## - INTERNATIONAL STANDARD BOOK NUMBER
International Standard Book Number 0751527378
020 ## - INTERNATIONAL STANDARD BOOK NUMBER
International Standard Book Number 9780751527377
040 ## - CATALOGING SOURCE
Original cataloging agency UKM
Transcribing agency UKM
Modifying agency OCLCQ
-- BAKER
-- YDXCP
042 ## - AUTHENTICATION CODE
Authentication code nbic
043 ## - GEOGRAPHIC AREA CODE
Geographic area code n-us---
049 ## - LOCAL HOLDINGS (OCLC)
Holding library C5MA
060 #4 - NATIONAL LIBRARY OF MEDICINE CALL NUMBER
Classification number LD571.B418
Item number AL14t
082 04 - DEWEY DECIMAL CLASSIFICATION NUMBER
Classification number 973 ALB
Edition number 21
100 1# - MAIN ENTRY--PERSONAL NAME
Personal name Albom, Mitch.
Relator term author
245 10 - TITLE STATEMENT
Title Tuesdays with Morrie :
Remainder of title an old man, a young man, and life's greatest lesson.
260 ## - PUBLICATION, DISTRIBUTION, ETC.
Place of publication, distribution, etc. London :
Name of publisher, distributor, etc. Warner,
Date of publication, distribution, etc. 1999.
300 ## - PHYSICAL DESCRIPTION
Extent 208 p. ;
Dimensions 18 cm.
500 ## - GENERAL NOTE
General note Originally published: New York: Doubleday, 1997; London: Little, Brown, 1998.
600 10 - SUBJECT ADDED ENTRY--PERSONAL NAME
Personal name Schwartz, Morris S.
General subdivision Philosophy.
650 #0 - SUBJECT ADDED ENTRY--TOPICAL TERM
Topical term or geographic name entry element Intergenerational relations
Geographic subdivision United States.
650 #0 - SUBJECT ADDED ENTRY--TOPICAL TERM
Topical term or geographic name entry element Teacher-student relationships
Geographic subdivision United States.
700 ## - ADDED ENTRY--PERSONAL NAME
Personal name Schwartz, Morris S
942 ## - ADDED ENTRY ELEMENTS (KOHA)
Source of classification or shelving scheme
Koha item type Books - Non Ficton
Holdings
Withdrawn status Lost status Source of classification or shelving scheme Damaged status Not for loan Collection code Permanent Location Current Location Shelving location Date acquired Total Checkouts Full call number Barcode Date due Date last seen Date last checked out Price effective from Koha item type
          Non-Fiction KH8 Senior School Library KH8 Senior School Library Non Fiction 2019-12-26 1 973 ALB 3KHSL000101662 2020-03-06 2020-02-24 2020-02-24 2019-12-26 Books - Non Ficton

Powered By KH8 IT Dept